No intervención y orden internacional
সংরক্ষণ করুন:
| প্রধান লেখক: | |
|---|---|
| বিন্যাস: | পাঠ্য |
| প্রকাশিত: |
Buenos Aires:
Marymar
|
| ট্যাগগুলো: |
ট্যাগ যুক্ত করুন
কোনো ট্যাগ নেই, প্রথমজন হিসাবে ট্যাগ করুন!
|
MARC
| LEADER | 00000 a a2200000 04500 | ||
|---|---|---|---|
| 001 | 24278 | ||
| 003 | |||
| 040 | |||
| 090 | |a 166300 | ||
| 100 | |a Vicent, R. J | ||
| 245 | |a No intervención y orden internacional | ||
| 260 | |a Buenos Aires: |b Marymar | ||
| 300 | |a 415 p | ||
| 999 | |c 15325 |d 15325 | ||
